000 00338nam a2200145Ia 4500
008 140316s9999 xx 000 0 und d
020 _a9788131208137
082 _a778.593
_bHOL/So
100 _aHolman,Tomlinson
245 _aSound for digital video
260 _a
_bFocal Press
_c2005
300 _a306
650 _a
942 _2ddc
_cBK
999 _c8783
_d8783